|
|
|
|
| LEADER |
01018nam a2200265 a 4500 |
| 001 |
c000186505 |
| 003 |
CARM |
| 005 |
20051012171542.0 |
| 008 |
840511s1980 ne b 000 0 eng d |
| 019 |
1 |
|
|a 3091978
|z 44015325
|5 LACONCORD2021
|
| 035 |
|
|
|a (OCoLC)7288695
|5 LACONCORD2021
|
| 040 |
|
|
|a WU
|b eng
|c WU
|d ABN:1
|
| 082 |
1 |
4 |
|a 519.76
|2 19
|
| 100 |
1 |
|
|a Talman, A. J. J.
|
| 245 |
1 |
0 |
|a Variable dimension fixed point algorithms and triangulations /
|c A.J.J. Talman ; with the collaboration of G. van der Laan.
|
| 260 |
|
|
|a Amsterdam :
|b Mathematisch Centrum,
|c 1980.
|
| 300 |
|
|
|a iv, 172 p.
|
| 440 |
|
0 |
|a Mathematical Centre tracts
|v 128
|
| 504 |
|
|
|a Bibliography: p. 165-172.
|
| 650 |
|
0 |
|a Fixed point theory.
|
| 650 |
|
0 |
|a Nonlinear programming.
|
| 700 |
1 |
|
|a Laan, G. van der.
|
| 852 |
8 |
|
|b CARM
|h A2:AQ13F0
|i C07726
|p 0260555
|f BK
|
| 999 |
f |
f |
|i f2faf981-3e7a-586e-888f-7f316c30b613
|s a0bbc5a4-e321-5362-95d2-f4d46316c3e7
|
| 952 |
f |
f |
|p Can circulate
|a CAVAL
|b CAVAL
|c CAVAL
|d CARM 1 Store
|e C07726
|f A2:AQ13F0
|h Other scheme
|i book
|m 0260555
|